000 00324nam a22001457a 4500
003 SGT
020 _a81-85386-50-1
082 _a615
_bWHO
100 _aWHO
245 _aBASIC TESTS FOR PHARMACEUTICAL DOSAGE FORMS
260 _aINDIA
_bAITBS PUB.
_c2008
300 _a129
650 _aPHARMACEUTICAL
942 _2ddc
_cBK
999 _c32917
_d32917